000 00708nam a22002177a 4500
005 20170124110206.0
010 _aA-684658
020 _c100.00
_a8190045202
035 _aA-684658
037 _bCen Lib/Ret
040 _aDPL
_bEN
082 _a001.6424
_bRAV
100 _aRavishankar S.
_937376
245 _aComputer concept and applications /
_cby Ravishankar S.
260 _bSiri Computer House
_aBanglore
_c1994
270 _bBanglore
_a300 III Stage, IV Stage, 8th Main, 1st A Cross, Basaveshwaranagar
_e560079
300 _avarious pagings :
_c24cm(Hb)
_bill.
650 _aComputers
_9104361
650 _aElectronic data processing
_920497
942 _2ddc
_cEN
_h001.6424
_mRAV
999 _c133258
_d133258